000 01354nam a2200289Ia 4500
999 _c38116
_d38116
001 4104
003 GE_BSU
005 20190925111403.0
008 181216s1983||||ge |||||||||||||| ||geo||
040 _cGE_BSU
041 _ageo
080 _a39(479.22) კ–92
100 _aკურდღელაიძე, გ.
_94305
245 _aთუშეთი :
_bმეურნეობა, ბუნება, ტოპონიმიკა /
_cრედ.: გ. გიგინეიშვილი, გ. ცოცანიძე.
264 _aთბ. :
_bმეცნიერება,
_c1983.
300 _a135 გვ.:
_b ილ. ;
_c21 სმ.
504 _aბიბლიოგრ.: გვ. 131-136.
520 _aრეზ. რუს. ენ.
653 _a თუშეთი;
653 _aსაქართველოს გეოგრაფია;
653 _aსაქართველოს გეოგრაფიული სახელწოდებები;
653 _aქართული წეს-ჩვეულებები;
653 _aსაქართველოს ტოპონიმიკა;
700 _aგიგინეიშვილი, გ.
_eრედაქტორი
_94306
700 _aცოცანიძე, გ.
_eრედაქტორი
_94307
942 _cBK
_2udc